300 Escudos de Times de Futebol Brasileiros #1 - Statistics

Estatísticas Gerais
  • Esse quiz foi jogado 730 vezes
  • A pontuação média é 112 de 300
Estatísticas das Respostas
Imagem Resposta % Correto
Flamengo - RJ
99%
Santos - SP
99%
Atlético - MG
98%
Botafogo - RJ
98%
Fluminense - RJ
98%
Palmeiras - SP
98%
São Paulo - SP
98%
Corinthians - SP
97%
Cruzeiro - MG
96%
Grêmio - RS
96%
Vasco da Gama - RJ
96%
Bahia - BA
95%
Fortaleza - CE
95%
Internacional - RS
95%
Goiás - GO
94%
Red Bull Bragantino - SP
94%
Sport - PE
94%
Coritiba - PR
93%
Mirassol - SP
93%
Ceará - CE
92%
Cuiabá - MT
92%
Vitória - BA
92%
Atlético - GO
91%
Chapecoense - SC
91%
Criciúma - SC
91%
Juventude - RS
91%
Avaí - SC
90%
Paysandu - PA
90%
América - MG
89%
Athletico - PR
89%
Ponte Preta - SP
88%
Remo - PA
88%
Náutico - PE
87%
Botafogo - SP
86%
Operário Ferroviário - PR
86%
CRB - AL
85%
Londrina - PR
85%
Botafogo - PB
84%
Guarani - SP
84%
Ituano - SP
84%
Vila Nova - GO
84%
Volta Redonda - RJ
84%
Amazonas - AM
83%
CSA - AL
83%
Figueirense - SC
83%
Sampaio Corrêa - MA
81%
Grêmio Novorizontino - SP
80%
Brusque - SC
79%
Ferroviária - SP
79%
Santa Cruz - PE
79%
Caxias - RS
78%
Ypiranga - RS
78%
América - RN
77%
ABC - RN
76%
Portuguesa - SP
76%
Brasiliense - DF
75%
Tombense - MG
75%
Inter de Limeira - SP
71%
Brasil de Pelotas - RS
69%
Maringá - PR
69%
Athletic - MG
68%
Ferroviário - CE
68%
Paraná - PR
68%
São Bernardo - SP
68%
Confiança - SE
67%
Joinville - SC
66%
Retrô - PE
65%
XV de Piracicaba - SP
65%
Santo André - SP
64%
Floresta - CE
63%
Nova Iguaçu - RJ
63%
Água Santa - SP
62%
Juventus - SP
62%
Portuguesa - RJ
62%
Madureira - RJ
60%
São José - RS
60%
Luverdense - MT
57%
São Caetano - SP
57%
América - RJ
55%
Sousa - PB
55%
Bangu - RJ
54%
Cascavel - PR
54%
Fluminense - PI
53%
Paulista - SP
52%
Gama - DF
51%
Moto Club - MA
51%
Águia de Marabá - PA
50%
Aparecidense - GO
50%
Treze - PB
48%
Altos - PI
47%
Audax Rio - RJ
47%
Tuna Luso - PA
47%
Barra - SC
46%
Osasco Sporting - SP
46%
Pouso Alegre - MG
46%
Manaus - AM
45%
ASA - AL
44%
Boa Vista - RJ
44%
Campinense - PB
44%
Grêmio Osasco Audax - SP
44%
Icasa - CE
44%
Cruzeiro - AL
42%
Maranhão - MA
42%
Operário - MS
42%
Cianorte - PR
40%
Nacional - SP
40%
Rio Branco - AC
40%
Sergipe - SE
40%
Novo Hamburgo - RS
39%
River - PI
39%
Azuriz - PR
38%
Nacional - AM
38%
São Raimundo - RR
38%
Uberlândia - MG
38%
Anápolis - GO
37%
Barcelona - RO
37%
Marcílio Dias - SC
37%
Velo Clube - SP
37%
Mixto - MT
36%
Rio Branco - ES
36%
Sampaio Corrêa - RJ
36%
Boa Esporte - MG
35%
Globo - RN
35%
Ipatinga - MG
35%
Jacuipense - BA
35%
Portuguesa Santista - SP
35%
Salgueiro - PE
35%
Olaria - RJ
34%
Ceilândia - DF
33%
Flamengo - SP
33%
Marília - SP
33%
Juventus - SC
32%
Lagarto - SE
32%
Tocantinópolis - TO
32%
Itabaiana - SE
31%
São Bento - SP
31%
São José - SP
31%
Trem - AP
31%
Bahia de Feira - BA
30%
Maricá - RJ
30%
Resende - RJ
30%
Primavera - SP
28%
Maracanã - CE
26%
Porto Velho - RO
26%
Votuporanguense - SP
26%
Concórdia - SC
25%
Desportivo Brasil - SP
25%
Duque de Caxias - RJ
25%
Guarany de Bagé - RS
25%
Humaitá - AC
25%
Iguatu - CE
25%
Imperatriz - MA
25%
Noroeste - SP
25%
Operário - MT
25%
Patrocinense - MG
25%
União - MT
25%
Capital - DF
24%
Goiânia - GO
24%
Hercílio Luz - SC
24%
Independência - AC
24%
Real Brasília - DF
24%
Rio Branco - ES
24%
Aimoré - RS
23%
Caldense - MG
23%
Manauara - AM
23%
Pelotas - RS
23%
São Luiz - RS
23%
Atlético - CE
22%
Macaé - RJ
22%
União São João - SP
22%
Central - PE
21%
Princesa de Solimões - AM
21%
Rio Grande - RS
21%
Atlético Alagoinhas - BA
20%
Avenida - RS
20%
Barcelona - BA
20%
Cabofriense - RJ
20%
GAS - RR
20%
Nacional - PB
20%
São Raimundo - AM
20%
CSE - AL
19%
Potiguar - RN
19%
Santa Cruz - RN
19%
Afogados - PE
18%
Americano - RJ
18%
Anapolina - GO
18%
Camboriú - SC
18%
CRAC - GO
18%
Desportiva Ferroviária - ES
18%
Itabirito - MG
18%
Linense - SP
18%
Palmas - TO
18%
Atlético - AC
17%
Democrata de S.L. - MG
17%
Goianésia - GO
17%
Grêmio Prudente - SP
17%
Guarany de Sobral - CE
17%
Juazeirense - BA
17%
Real Noroeste - ES
17%
Taubaté - SP
17%
Jaguar - PE
16%
Maguary - PE
16%
Monte Azul - SP
16%
Serra - ES
16%
Costa Rica - MS
15%
Falcon - SE
15%
Fast Clube - AM
15%
Galvez - AC
15%
Horizonte - CE
15%
Laguna - RN
15%
Primavera - MT
15%
Real Ariquemes - RO
15%
Santa Catarina - SC
15%
Sãojoseense - PR
15%
São Raimundo - PA
15%
Jequié - BA
14%
Náutico - RR
14%
Parnahyba - PI
14%
Porto Vitória - ES
14%
URT - MG
14%
4 de Julho - PI
13%
Brasília - DF
13%
Caucaia - CE
13%
Democrata de G.V. - MG
13%
Francana - SP
13%
Petrolina - PE
13%
Villa Nova - MG
13%
Ypiranga - AP
13%
Baré - RR
12%
Castanhal - PA
12%
Nova Venécia - ES
12%
Oratório - AP
12%
Piauí - PI
12%
Vitória - ES
12%
Araguaína - TO
11%
Betim - MG
11%
Galícia - BA
11%
Galo Maringá - PR
11%
Ji-Paraná - RO
11%
Macapá - AP
11%
São Francisco - AC
11%
São Francisco - PA
11%
Alecrim - RN
10%
Carlos Renaux - SC
10%
Coruripe - AL
10%
Glória - RS
10%
Goiatuba - GO
10%
Iporá - GO
10%
Itabuna - BA
10%
North - MG
10%
Penedense - AL
10%
Bragantino - PA
9%
Cametá - PA
9%
Esportivo - RS
9%
Goytacaz - RJ
9%
Grêmio Anápolis - GO
9%
Jacobina - BA
9%
Monsoon - RS
9%
Nova Mutum - MT
9%
Pacajus - CE
9%
Rio Branco - PR
9%
Rio Negro - AM
9%
Santa Cruz - RS
9%
Uberaba - MG
9%
Colo Colo - BA
8%
Comercial - MS
8%
IAPE - MA
8%
Pérolas Negras - RJ
8%
Tuntum - MA
8%
Águia Negra - MS
7%
Cordino - MA
7%
Dourados - MS
7%
Independente - AP
7%
Jataiense - GO
7%
Picos - PI
7%
Quixadá - CE
7%
Sinop - MT
7%
União - TO
7%
Vitória das Tabocas - PE
7%
Jaraguá - GO
6%
Juventude - MA
6%
Murici - AL
6%
Próspera - SC
6%
Santana - AP
6%
São Paulo Crystal - PB
6%
Trindade - GO
6%
Capital - TO
5%
Crato - CE
5%
Interporto - TO
5%
Penarol - AM
5%
Ação - MT
4%
Aquidauanense - MS
4%
Confiança - PB
4%
Dorense - SE
4%
Foz do Iguaçu - PR
4%
Gênus - RO
4%
Paragominas - PA
4%
Andirá - AC
3%
Itacoatiara - AM
3%
Timon - MA
3%
Nenhum quiz correspondente encontrado
Distribuição das Pontuações
Porcentagem de Pessoas com Cada Pontuação
Percentil de Números Respondidos
Sua Pontuação Histórica
Você não jogou esse quiz